000 00326nam a22001337a 4500
008 180309b xxu||||| |||| 00| 0 eng d
020 _a0256065543
041 _aeng
080 _a338
100 _a53
101 _aMNG
245 _aWorkbook/ Study Guide for use with Managerial Accounting
_cGarrison, R.H
942 _2udc
_cBK
999 _c44587
_d44587